[Event "Toronto ch"]
[Site "Toronto CAN"]
[Date "2001.02.02"]
[Round "9"]
[White "Mitrovic, Bojana"]
[Black "Preisman, Henry"]
[Result "1-0"]
[WhiteElo "2098"]
[BlackElo "2038"]
[PlyCount "59"]
[GameId "2160767911618807"]
[EventDate "2001.01.10"]
[EventType "tourn"]
[EventRounds "11"]
[EventCountry "CAN"]
[SourceTitle "EXT 2003"]
[Source "ChessBase"]
[SourceDate "2002.11.25"]
[SourceVersion "1"]
[SourceVersionDate "2002.11.25"]
[SourceQuality "1"]

1. Nf3 Nf6 2. g3 d5 3. Bg2 e6 4. O-O Be7 5. d4 O-O 6. c4 b6 7. Nc3 Bb7 8. Ne5 Nbd7 9. Qa4 Nxe5 10. dxe5 Ne4 11. Nxe4 dxe4 12. Rd1 Qe8 13. Qc2 Qc6 14. Be3 Rfd8 15. Rd4 Rxd4 16. Bxd4 Rd8 17. e3 f5 18. b3 a5 19. Qe2 Qd7 20. Rc1 Ba3 21. Rc2 Bb4 22. c5 bxc5 23. Bxc5 Qd1+ 24. Bf1 Ba6 25. Qxa6 Qxc2 26. Qxe6+ Kh8 27. Bxb4 axb4 28. Qxf5 Qc6 29. e6 Qd5 30. e7 1-0

[Event "Toronto ch"]
[Site "Toronto CAN"]
[Date "2001.02.02"]
[Round "9"]
[White "Verma, Tony"]
[Black "Rakhinshteyn, Fima"]
[Result "0-1"]
[WhiteElo "2023"]
[BlackElo "2252"]
[PlyCount "88"]
[GameId "2160767911618808"]
[EventDate "2001.01.10"]
[EventType "tourn"]
[EventRounds "11"]
[EventCountry "CAN"]

1. c4 Nf6 2. Nc3 e6 3. Nf3 d5 4. e3 c5 5. cxd5 exd5 6. d4 Nc6 7. Be2 Be7 8. O-O O-O 9. a3 a5 10. dxc5 Bxc5 11. Nb5 Re8 12. Qc2 Bb6 13. Rd1 Be6 14. b3 Rc8 15. Qb1 Qd7 16. Bb2 Ne4 17. Bd3 f5 18. Ne5 Nxe5 19. Bxe5 Rf8 20. Bxe4 Qxb5 21. Bd3 Qd7 22. Qb2 Bc7 23. Rac1 Bd6 24. a4 Qe7 25. Bxd6 Qxd6 26. Bc4 Rfd8 27. Rd4 Qc7 28. g3 dxc4 29. bxc4 Rxd4 30. exd4 Bxc4 31. Qc3 b6 32. d5 Qd6 33. Qd4 Ba6 34. Re1 Rd8 35. Re5 g6 36. Qf4 Bb7 37. Re8+ Kf7 38. Qxd6 Rxd6 39. Rh8 Bxd5 40. Rxh7+ Kf6 41. h4 Bf3 42. g4 Rd1+ 43. Kh2 f4 44. g5+ Ke6 0-1

[Event "Toronto ch"]
[Site "Toronto CAN"]
[Date "2001.02.03"]
[Round "10"]
[White "Rakhinshteyn, Fima"]
[Black "Dutton, Warren"]
[Result "1-0"]
[WhiteElo "2262"]
[BlackElo "2027"]
[PlyCount "81"]
[GameId "2160767911618809"]
[EventDate "2001.01.10"]
[EventType "tourn"]
[EventRounds "11"]
[EventCountry "CAN"]
[SourceTitle "EXT 2003"]
[Source "ChessBase"]
[SourceDate "2002.11.25"]
[SourceVersion "1"]
[SourceVersionDate "2002.11.25"]
[SourceQuality "1"]

1. d4 Nf6 2. c4 c5 3. d5 b5 4. cxb5 a6 5. bxa6 Bxa6 6. Nc3 d6 7. e4 Bxf1 8. Kxf1 g6 9. Nf3 Nbd7 10. g3 Bg7 11. Kg2 O-O 12. Re1 Qc7 13. Qe2 c4 14. h3 e5 15. dxe6 fxe6 16. Rd1 Rfb8 17. Nd4 Nf8 18. Ndb5 Qc5 19. Nxd6 Rb4 20. a3 Rb6 21. Be3 Qc6 22. Bxb6 Qxb6 23. Nxc4 Qb3 24. Rab1 Rc8 25. Nd6 Rc5 26. Ndb5 h5 27. Rd4 e5 28. Rd6 Kh7 29. a4 h4 30. a5 Nh5 31. a6 Ne6 32. Qd1 Qc4 33. b3 Qb4 34. Rxe6 hxg3 35. fxg3 Rxc3 36. Nxc3 Qxc3 37. Qe1 Qc2+ 38. Kg1 Nxg3 39. Qxg3 Qxb1+ 40. Kh2 Qc2+ 41. Qg2 1-0

[Event "Toronto ch"]
[Site "Toronto CAN"]
[Date "2001.02.05"]
[Round "10"]
[White "Berengolts, Isai"]
[Black "Mitrovic, Bojana"]
[Result "1/2-1/2"]
[WhiteElo "2231"]
[BlackElo "2098"]
[PlyCount "95"]
[GameId "2160767911618810"]
[EventDate "2001.01.10"]
[EventType "tourn"]
[EventRounds "11"]
[EventCountry "CAN"]
[SourceTitle "EXT 2003"]
[Source "ChessBase"]
[SourceDate "2002.11.25"]
[SourceVersion "1"]
[SourceVersionDate "2002.11.25"]
[SourceQuality "1"]

1. e4 g6 2. f4 Bg7 3. Nf3 c6 4. d4 d5 5. e5 h5 6. Bd3 Nh6 7. Nbd2 Bg4 8. Nf1 Nf5 9. c3 e6 10. h3 Bxf3 11. Qxf3 h4 12. Bxf5 gxf5 13. g4 hxg3 14. Qxg3 Qh4 15. Ke2 Qxg3 16. Nxg3 Rh4 17. Be3 Nd7 18. Rag1 Bh6 19. Kf3 Ke7 20. Ne2 Bf8 21. Bf2 Rh7 22. h4 Bh6 23. h5 Rah8 24. Bh4+ Ke8 25. b3 Bf8 26. Ng3 c5 27. Rc1 Rg8 28. c4 dxc4 29. Rxc4 Nb6 30. Rcc1 Rg4 31. dxc5 Nd5 32. Bg5 Be7 33. Bxe7 Rxf4+ 34. Ke2 Kxe7 35. c6 bxc6 36. Rxc6 Rg4 37. Kf2 Nb4 38. Rd6 Nxa2 39. Ra1 Nb4 40. Rxa7+ Kf8 41. Rdd7 Nc6 42. Ra8+ Kg7 43. Nxf5+ exf5 44. e6 Kf6 45. e7 Nxe7 46. Ra6+ Kg5 47. Rxe7 Kxh5 48. Rf6 1/2-1/2

[Event "Toronto ch"]
[Site "Toronto CAN"]
[Date "2001.02.05"]
[Round "10"]
[White "Bergeron, Florian"]
[Black "Verma, Tony"]
[Result "1-0"]
[WhiteElo "2021"]
[BlackElo "2023"]
[PlyCount "103"]
[GameId "2160767911618811"]
[EventDate "2001.01.10"]
[EventType "tourn"]
[EventRounds "11"]
[EventCountry "CAN"]
[SourceTitle "EXT 2003"]
[Source "ChessBase"]
[SourceDate "2002.11.25"]
[SourceVersion "1"]
[SourceVersionDate "2002.11.25"]
[SourceQuality "1"]

1. d4 d5 2. c4 e6 3. Nc3 Nf6 4. cxd5 Nxd5 5. e4 Nxc3 6. bxc3 c5 7. Nf3 Qa5 8. Bd2 cxd4 9. cxd4 Bb4 10. Bc4 b5 11. Bb3 Bb7 12. d5 exd5 13. exd5 O-O 14. O-O Bxd2 15. Nxd2 Rd8 16. Ne4 b4 17. Rc1 Nd7 18. Qd4 Rac8 19. Rxc8 Bxc8 20. Rd1 Qb6 21. Qa1 Bb7 22. Qc1 Re8 23. Qf4 Qg6 24. Nd6 Rb8 25. Rc1 Qf6 26. g3 g5 27. Qxf6 Nxf6 28. Nxb7 Rxb7 29. Rc8+ Kg7 30. d6 Rd7 31. Rc7 Rxd6 32. Rxf7+ Kg6 33. Rxa7 Rd7 34. Rxd7 Nxd7 35. Kf1 Ne5 36. Ke2 h5 37. h3 Kf5 38. Ke3 g4 39. h4 Nc6 40. Bf7 Ne5 41. Bxh5 Nc4+ 42. Kd4 Na5 43. Bf7 Nc6+ 44. Kc5 Ne5 45. Bc4 Ke4 46. Bd5+ Kd3 47. Kxb4 Ke2 48. h5 Kxf2 49. h6 Kxg3 50. h7 Ng6 51. a4 Kf4 52. a5 1-0

[Event "Toronto ch"]
[Site "Toronto CAN"]
[Date "2001.02.05"]
[Round "10"]
[White "Perovic, Bozidar"]
[Black "Bryskine, Marina"]
[Result "1/2-1/2"]
[WhiteElo "2033"]
[BlackElo "2118"]
[PlyCount "71"]
[GameId "2160767911618812"]
[EventDate "2001.01.10"]
[EventType "tourn"]
[EventRounds "11"]
[EventCountry "CAN"]
[SourceTitle "EXT 2003"]
[Source "ChessBase"]
[SourceDate "2002.11.25"]
[SourceVersion "1"]
[SourceVersionDate "2002.11.25"]
[SourceQuality "1"]

1. d4 d5 2. Nf3 Nf6 3. c3 e6 4. Bg5 Be7 5. Nbd2 Nbd7 6. e3 O-O 7. Bd3 c5 8. Rc1 Re8 9. Bb1 b6 10. Ne5 Nxe5 11. dxe5 Nd7 12. Bxe7 Qxe7 13. Nf3 Bb7 14. Qd3 Nf8 15. h4 Qc7 16. h5 Rad8 17. Rh4 d4 18. cxd4 Bxf3 19. gxf3 Qe7 20. Rg4 cxd4 21. exd4 Rc8 22. Qd2 f5 23. exf6 Qxf6 24. h6 g6 25. Rf4 Qd8 26. Bd3 e5 27. Re4 exd4 28. Bc4+ Kh8 29. Qf4 Rxe4+ 30. fxe4 Qe7 31. Kd1 Nd7 32. Bd5 Rf8 33. Qg3 Ne5 34. f4 Nd7 35. Qh3 Qd6 36. Qg4 1/2-1/2

[Event "Toronto ch"]
[Site "Toronto CAN"]
[Date "2001.02.05"]
[Round "10"]
[White "Preisman, Henry"]
[Black "Campbell, Brett"]
[Result "1/2-1/2"]
[WhiteElo "2031"]
[BlackElo "2240"]
[PlyCount "40"]
[GameId "2160767911618813"]
[EventDate "2001.01.10"]
[EventType "tourn"]
[EventRounds "11"]
[EventCountry "CAN"]
[SourceTitle "EXT 2003"]
[Source "ChessBase"]
[SourceDate "2002.11.25"]
[SourceVersion "1"]
[SourceVersionDate "2002.11.25"]
[SourceQuality "1"]

1. e4 Nc6 2. d4 e5 3. d5 Nce7 4. Nf3 Ng6 5. Be3 Nf6 6. Nbd2 Ng4 7. Bd3 Nxe3 8. fxe3 Bc5 9. Qe2 d6 10. Bb5+ Bd7 11. Bxd7+ Qxd7 12. Nb3 Bb6 13. Nfd2 f5 14. Nc4 fxe4 15. Nxb6 axb6 16. O-O O-O-O 17. Nd2 Rdf8 18. Nxe4 Rf5 19. Nc3 Rhf8 20. Qd3 Rxf1+ 1/2-1/2

[Event "Toronto ch"]
[Site "Toronto CAN"]
[Date "2001.02.05"]
[Round "10"]
[White "Veltmann, Martin"]
[Black "Miller, Evgeny"]
[Result "1-0"]
[WhiteElo "2058"]
[BlackElo "2083"]
[PlyCount "101"]
[GameId "2160767911618814"]
[EventDate "2001.01.10"]
[EventType "tourn"]
[EventRounds "11"]
[EventCountry "CAN"]
[SourceTitle "EXT 2003"]
[Source "ChessBase"]
[SourceDate "2002.11.25"]
[SourceVersion "1"]
[SourceVersionDate "2002.11.25"]
[SourceQuality "1"]

1. c4 e5 2. Nc3 Bb4 3. Qc2 c6 4. Nf3 d6 5. d3 Ne7 6. g3 O-O 7. Bg2 Bg4 8. O-O Bxc3 9. Qxc3 Nd7 10. Rb1 Rb8 11. b4 Qc7 12. b5 c5 13. e3 f5 14. Bb2 Nf6 15. d4 cxd4 16. exd4 e4 17. Ng5 Rfc8 18. c5 dxc5 19. Qc4+ Ned5 20. Rbc1 cxd4 21. Qb3 Qb6 22. f3 Rxc1 23. Rxc1 d3+ 24. Kh1 Qe3 25. Rf1 exf3 26. Nxf3 d2 27. Nxd2 Qxb3 28. Nxb3 Ne3 29. Rc1 Nxg2 30. Kxg2 Re8 31. Nd4 Nd5 32. h3 Bh5 33. Rc5 Ne3+ 34. Kg1 Bg6 35. Rc7 Nd1 36. Ba3 Rb8 37. Bd6 Ne3 38. Re7 Re8 39. Rxb7 Nc4 40. Bf4 Bh5 41. Rb8 Na3 42. Rb7 Re4 43. Nxf5 Nc2 44. Rb8+ Re8 45. Kf2 Na3 46. Rb7 Bf7 47. Nd6 Rf8 48. Nxf7 Rxf7 49. Rb8+ Rf8 50. Rxf8+ Kxf8 51. Bd6+ 1-0

[Event "Toronto ch"]
[Site "Toronto CAN"]
[Date "2001.02.07"]
[Round "11"]
[White "Bryskine, Marina"]
[Black "Veltmann, Martin"]
[Result "1/2-1/2"]
[WhiteElo "2118"]
[BlackElo "2058"]
[PlyCount "70"]
[GameId "2160767911618815"]
[EventDate "2001.01.10"]
[EventType "tourn"]
[EventRounds "11"]
[EventCountry "CAN"]
[SourceTitle "EXT 2003"]
[Source "ChessBase"]
[SourceDate "2002.11.25"]
[SourceVersion "1"]
[SourceVersionDate "2002.11.25"]
[SourceQuality "1"]

1. e4 c5 2. Nf3 d6 3. d4 cxd4 4. Nxd4 Nf6 5. Nc3 a6 6. a4 e6 7. Be2 Be7 8. O-O O-O 9. Be3 Nc6 10. Kh1 Nxd4 11. Bxd4 b6 12. f4 Bb7 13. Bf3 Rc8 14. Qe2 Qc7 15. Qf2 Nd7 16. Qg3 e5 17. Be3 Kh8 18. f5 Qc4 19. Qf2 Rfe8 20. Rfd1 Nf6 21. Rd2 Nxe4 22. Nxe4 Bxe4 23. Bxe4 Qxe4 24. Bxb6 Bg5 25. Re2 Qc6 26. c3 d5 27. a5 h6 28. Rae1 Bf6 29. Re3 d4 30. cxd4 exd4 31. Rxe8+ Rxe8 32. Rxe8+ Qxe8 33. Bxd4 Bxd4 34. Qxd4 Qe1+ 35. Qg1 Qxa5 1/2-1/2

[Event "Toronto ch"]
[Site "Toronto CAN"]
[Date "2001.02.07"]
[Round "11"]
[White "Dutton, Warren"]
[Black "Bergeron, Florian"]
[Result "1-0"]
[WhiteElo "2027"]
[BlackElo "2021"]
[PlyCount "55"]
[GameId "2160767911618817"]
[EventDate "2001.01.10"]
[EventType "tourn"]
[EventRounds "11"]
[EventCountry "CAN"]
[SourceTitle "EXT 2003"]
[Source "ChessBase"]
[SourceDate "2002.11.25"]
[SourceVersion "1"]
[SourceVersionDate "2002.11.25"]
[SourceQuality "1"]

1. e4 Nf6 2. e5 Nd5 3. d4 d6 4. c4 Nb6 5. exd6 exd6 6. Nc3 Be7 7. Nf3 Bg4 8. Be2 O-O 9. O-O d5 10. c5 Nc8 11. Qb3 b6 12. Qxd5 c6 13. Qe4 Bxf3 14. Bxf3 bxc5 15. d5 Nd6 16. Qa4 Nd7 17. dxc6 Ne5 18. Bd5 Qc7 19. Rd1 Rac8 20. Bf4 Bf6 21. g3 Rfd8 22. Bg2 Kh8 23. Nd5 Qxc6 24. Qxc6 Nxc6 25. Nxf6 Nd4 26. Nd5 Ne2+ 27. Kf1 Nxf4 28. Nxf4 1-0

[Event "Toronto ch"]
[Site "Toronto CAN"]
[Date "2001.02.07"]
[Round "11"]
[White "Miller, Evgeny"]
[Black "Preisman, Henry"]
[Result "1/2-1/2"]
[WhiteElo "2083"]
[BlackElo "2031"]
[PlyCount "46"]
[GameId "2160767911618818"]
[EventDate "2001.01.10"]
[EventType "tourn"]
[EventRounds "11"]
[EventCountry "CAN"]
[SourceTitle "EXT 2003"]
[Source "ChessBase"]
[SourceDate "2002.11.25"]
[SourceVersion "1"]
[SourceVersionDate "2002.11.25"]
[SourceQuality "1"]

1. e4 d5 2. exd5 Qxd5 3. Nc3 Qa5 4. d4 Nf6 5. Nf3 c6 6. Bc4 Bg4 7. O-O e6 8. Bf4 Be7 9. Re1 O-O 10. h3 Bh5 11. a3 Nbd7 12. Qe2 Nb6 13. Bd3 Nbd5 14. Bd2 Qc7 15. Nxd5 Nxd5 16. Qe5 Qxe5 17. Nxe5 Rfd8 18. g4 Bg6 19. Nxg6 hxg6 20. Bf1 Nf6 21. c3 Bd6 22. Bg5 Rd7 23. Bg2 Nd5 1/2-1/2

[Event "Toronto ch"]
[Site "Toronto CAN"]
[Date "2001.02.07"]
[Round "11"]
[White "Rakhinshteyn, Fima"]
[Black "Berengolts, Isai"]
[Result "1/2-1/2"]
[WhiteElo "2262"]
[BlackElo "2231"]
[PlyCount "36"]
[GameId "2160767911618819"]
[EventDate "2001.01.10"]
[EventType "tourn"]
[EventRounds "11"]
[EventCountry "CAN"]
[SourceTitle "EXT 2003"]
[Source "ChessBase"]
[SourceDate "2002.11.25"]
[SourceVersion "1"]
[SourceVersionDate "2002.11.25"]
[SourceQuality "1"]

1. c4 Nf6 2. Nc3 e6 3. e4 d5 4. e5 Nfd7 5. d4 dxc4 6. Bxc4 Nb6 7. Bb3 Nc6 8. Nf3 Nb4 9. O-O Bd7 10. Qe2 Bc6 11. Rd1 N4d5 12. Bc2 Bb4 13. Bd2 Qd7 14. Nxd5 Nxd5 15. Bxb4 Nxb4 16. Be4 Bxe4 17. Qxe4 Qd5 18. Qxd5 Nxd5 1/2-1/2

[Event "Toronto ch"]
[Site "Toronto CAN"]
[Date "2001.02.07"]
[Round "11"]
[White "Verma, Tony"]
[Black "Perovic, Bozidar"]
[Result "0-1"]
[WhiteElo "2023"]
[BlackElo "2033"]
[PlyCount "68"]
[GameId "2160767911618820"]
[EventDate "2001.01.10"]
[EventType "tourn"]
[EventRounds "11"]
[EventCountry "CAN"]
[SourceTitle "EXT 2003"]
[Source "ChessBase"]
[SourceDate "2002.11.25"]
[SourceVersion "1"]
[SourceVersionDate "2002.11.25"]
[SourceQuality "1"]

1. d4 d5 2. Nf3 Nf6 3. b3 Bf5 4. Bb2 e6 5. e3 c6 6. Nbd2 Bd6 7. Be2 Nbd7 8. c4 Rc8 9. O-O Bb8 10. Ne5 Ne4 11. Nxe4 Bxe4 12. f4 O-O 13. c5 f5 14. Rc1 Rf6 15. Bf3 Rh6 16. Bxe4 dxe4 17. Qe1 Nf6 18. h3 Qe8 19. Qg3 Nd5 20. Bc3 Bxe5 21. dxe5 Qh5 22. Kf2 Rg6 23. Qh2 Rd8 24. Ba5 Rf8 25. a3 Rh6 26. Rh1 Kh8 27. Qg1 g5 28. Bd2 Rg8 29. Qd1 Qg6 30. g4 gxf4 31. exf4 fxg4 32. Qxg4 Qf7 33. Qe2 Nxf4 34. Bxf4 Qxf4+ 0-1

[Event "Toronto ch reserves"]
[Site "Toronto CAN"]
[Date "2001.01.10"]
[Round "1"]
[White "Cohen, David"]
[Black "Pe, Joe-Mari"]
[Result "1-0"]
[WhiteElo "1956"]
[BlackElo "1931"]
[PlyCount "113"]
[GameId "2160767911618821"]
[EventDate "2001.01.10"]
[EventType "tourn"]
[EventRounds "11"]
[EventCountry "CAN"]

1. e4 c5 2. Nf3 Nc6 3. d4 cxd4 4. Nxd4 Qb6 5. Nb3 e6 6. Be3 Qb4+ 7. Nc3 Nf6 8. a3 Qd6 9. Bd3 b6 10. Qe2 Bb7 11. Rd1 Qb8 12. f4 h5 13. Rf1 Ng4 14. Bg1 g6 15. h3 Nh6 16. Kd2 Bd6 17. e5 Be7 18. Kc1 Nf5 19. Bxf5 gxf5 20. Qd3 Bc8 21. Qg3 Ba6 22. Qg7 Rf8 23. Rf2 Qb7 24. Rfd2 O-O-O 25. Qg3 Rg8 26. Qf3 h4 27. Bf2 Nb8 28. Nd4 Qxf3 29. Nxf3 Bc5 30. Bxc5 bxc5 31. Nxh4 Rg3 32. Nf3 Bb7 33. Ng5 Rf8 34. Nb5 Rxg2 35. Nd6+ Kc7 36. Ndxf7 Rxd2 37. Rxd2 Bd5 38. h4 Nc6 39. h5 Nd8 40. Nxd8 Kxd8 41. h6 Ke7 42. h7 c4 43. Rh2 Rh8 44. Rh6 Bc6 45. Rg6 Kf8 46. Kd2 a6 47. Ke3 Ba4 48. Kd2 a5 49. Kc3 Bb5 50. Kd4 Ba4 51. c3 Bb3 52. Rf6+ Ke8 53. Rf7 Ba2 54. Kc5 Bb3 55. Kb5 Bd1 56. Kxc4 Bh5 57. Rg7 1-0

[Event "Toronto ch reserves"]
[Site "Toronto CAN"]
[Date "2001.01.10"]
[Round "1"]
[White "Haziprodromu, Sam"]
[Black "Gebhardt, David"]
[Result "1-0"]
[WhiteElo "1902"]
[BlackElo "1904"]
[PlyCount "79"]
[GameId "2160767911618822"]
[EventDate "2001.01.10"]
[EventType "tourn"]
[EventRounds "11"]
[EventCountry "CAN"]

1. e4 c6 2. d4 d5 3. exd5 cxd5 4. Bd3 Nc6 5. c3 Nf6 6. Nf3 g6 7. O-O Bg7 8. h3 O-O 9. Re1 Qc7 10. Bg5 Be6 11. Nbd2 Rac8 12. Nb3 b6 13. Qd2 Qd7 14. Ne5 Nxe5 15. dxe5 Nh5 16. Nd4 Bxh3 17. gxh3 Qxh3 18. Bf1 Qg4+ 19. Kh2 f6 20. Bh3 Qxg5 21. Qxg5 fxg5 22. Bxc8 Rxf2+ 23. Kg1 Rxb2 24. Be6+ Kh8 25. Re2 Rxe2 26. Nxe2 Bxe5 27. Rd1 Nf4 28. Nxf4 gxf4 29. Kg2 Bxc3 30. Rxd5 a5 31. Rd7 Bb4 32. Kf3 g5 33. Kg4 h6 34. Kf5 Kg7 35. Rd8 Bc5 36. Rg8+ Kh7 37. Rf8 f3 38. Rf7+ Kg8 39. Kg6 Bd4 40. Rxf3+ 1-0

[Event "Toronto ch reserves"]
[Site "Toronto CAN"]
[Date "2001.01.10"]
[Round "1"]
[White "Millar, David"]
[Black "Laughlin, Steve"]
[Result "1/2-1/2"]
[WhiteElo "1951"]
[BlackElo "1894"]
[PlyCount "149"]
[GameId "2160767911618823"]
[EventDate "2001.01.10"]
[EventType "tourn"]
[EventRounds "11"]
[EventCountry "CAN"]
[SourceTitle "EXT 2003"]
[Source "ChessBase"]
[SourceDate "2002.11.25"]
[SourceVersion "1"]
[SourceVersionDate "2002.11.25"]
[SourceQuality "1"]

1. d4 Nf6 2. Nf3 g6 3. Nc3 Bg7 4. e4 d6 5. Be3 O-O 6. Qd2 Nbd7 7. O-O-O Ng4 8. Bg5 f6 9. Bc4+ Kh8 10. h4 Nb6 11. Bb3 fxg5 12. hxg5 d5 13. exd5 Qd6 14. Ne4 Qf4 15. Rde1 Qxd2+ 16. Kxd2 Bf5 17. Rh4 Rad8 18. Nc5 Nxd5 19. Nxb7 e6 20. Nxd8 Rxd8 21. Ne5 Bxe5 22. dxe5 Nde3+ 23. Kc3 Nxg2 24. Rxg4 Nxe1 25. Rc4 Rd7 26. Ba4 Re7 27. Bc6 Kg7 28. Ra4 Bh3 29. Kd2 Ng2 30. Ra3 Nf4 31. Rxa7 h6 32. gxh6+ Kxh6 33. Ra8 Kg5 34. a4 Nd5 35. Rh8 Bf5 36. a5 Nb4 37. Bb5 c6 38. Bc4 Ra7 39. Kc3 Nxc2 40. a6 Ne1 41. Rb8 Nf3 42. Rb7 Ra8 43. a7 Nxe5 44. Kd4 Nxc4 45. Kxc4 Be4 46. Kc5 Kf6 47. Rc7 g5 48. b4 g4 49. Rb7 Ke5 50. Kb6 Kd6 51. Rb8 c5 52. bxc5+ Kd7 53. Ka6 Kc7 54. Rb6 Bd3+ 55. Ka5 Rxa7+ 56. Kb4 Bf5 57. Kc4 Ra2 58. Kd4 Rxf2 59. Ra6 g3 60. Ra7+ Kb8 61. Rg7 g2 62. c6 Bh3 63. Kc5 Rc2+ 64. Kb6 e5 65. Rg8+ Bc8 66. c7+ Rxc7 67. Rxg2 Bb7 68. Rg8+ Rc8 69. Rg7 Ba8 70. Re7 e4 71. Re5 Bc6 72. Re6 Ka8 73. Ka6 Bb7+ 74. Kb5 Bc6+ 75. Kb6 1/2-1/2

[Event "Toronto ch reserves"]
[Site "Toronto CAN"]
[Date "2001.01.10"]
[Round "1"]
[White "Paterson, Jim"]
[Black "Shah, Omar"]
[Result "1-0"]
[WhiteElo "1967"]
[BlackElo "1863"]
[PlyCount "115"]
[GameId "2160767911618824"]
[EventDate "2001.01.10"]
[EventType "tourn"]
[EventRounds "11"]
[EventCountry "CAN"]

1. d4 Nf6 2. Nf3 g6 3. g3 Bg7 4. Bg2 O-O 5. O-O d5 6. b3 c5 7. Bb2 Ne4 8. Nbd2 Nxd2 9. Qxd2 Nc6 10. c3 cxd4 11. cxd4 Bg4 12. Rfe1 Qb6 13. Ne5 Nxe5 14. dxe5 a5 15. Qxd5 Rfd8 16. Qxb7 Qxb7 17. Bxb7 Rab8 18. Bf3 Bh3 19. Bc3 Rb5 20. Red1 Rc8 21. Bd4 Bxe5 22. Bxe5 Rxe5 23. Rd5 Rxd5 24. Bxd5 Rc2 25. e3 Rb2 26. Bg2 Bxg2 27. Kxg2 a4 28. bxa4 Rb4 29. Kf3 Rxa4 30. a3 Kg7 31. Ke2 Kf6 32. Kd3 Ke5 33. f3 Kd5 34. Kc3 Rc4+ 35. Kb3 Rc5 36. a4 Kc6 37. Rd1 Re5 38. Rd3 f5 39. Kb4 Kb6 40. Ra3 Rd5 41. Ra2 Re5 42. Re2 Rd5 43. Kc4 Rc5+ 44. Kb4 Rd5 45. e4 Rd4+ 46. Kc3 Rxa4 47. exf5 Ra3+ 48. Kd4 Rxf3 49. fxg6 hxg6 50. Re6+ Kc7 51. Rxe7+ Kd6 52. Rg7 Rf6 53. Ke4 Ke6 54. h4 Kd6 55. Ra7 Ke6 56. Rg7 Kd6 57. g4 Re6+ 58. Kf4 1-0

[Event "Toronto ch reserves"]
[Site "Toronto CAN"]
[Date "2001.01.10"]
[Round "1"]
[White "Richardson, Ross"]
[Black "Chen, Chin Hua"]
[Result "1-0"]
[WhiteElo "1951"]
[BlackElo "2000"]
[PlyCount "79"]
[GameId "2160767911618825"]
[EventDate "2001.01.10"]
[EventType "tourn"]
[EventRounds "11"]
[EventCountry "CAN"]
[SourceTitle "EXT 2003"]
[Source "ChessBase"]
[SourceDate "2002.11.25"]
[SourceVersion "1"]
[SourceVersionDate "2002.11.25"]
[SourceQuality "1"]

1. d4 Nf6 2. c4 e6 3. Nc3 c5 4. d5 exd5 5. cxd5 d6 6. e4 g6 7. f4 Bg4 8. Nf3 Bg7 9. Bb5+ Nfd7 10. a4 O-O 11. O-O a6 12. Be2 Re8 13. h3 Bxf3 14. Bxf3 Bd4+ 15. Kh2 b6 16. Qd3 Ra7 17. Be3 Bxe3 18. Qxe3 f5 19. Qd3 fxe4 20. Nxe4 Nf6 21. Ng5 Rae7 22. Ne6 Qc8 23. f5 gxf5 24. Qxf5 Nbd7 25. g4 Rf7 26. g5 Nh5 27. Qg4 Ng7 28. Be4 Rxf1 29. Rxf1 Ne5 30. Qh4 Ng6 31. Bxg6 hxg6 32. Nxg7 Kxg7 33. Qh6+ Kg8 34. Qxg6+ Kh8 35. Qf6+ Kg8 36. Qf7+ Kh8 37. Qf6+ Kg8 38. Qg6+ Kh8 39. Qh6+ Kg8 40. Rf6 1-0

[Event "Toronto ch reserves"]
[Site "Toronto CAN"]
[Date "2001.01.10"]
[Round "1"]
[White "Sherman, Robert"]
[Black "Lucki, Arnie"]
[Result "0-1"]
[WhiteElo "1925"]
[BlackElo "1885"]
[PlyCount "96"]
[GameId "2160767911618826"]
[EventDate "2001.01.10"]
[EventType "tourn"]
[EventRounds "11"]
[EventCountry "CAN"]

1. e4 c5 2. Nf3 e6 3. d4 cxd4 4. Nxd4 a6 5. c4 Qc7 6. Bd3 Nf6 7. Be3 g6 8. Nc3 Bg7 9. f3 d6 10. Qd2 Nc6 11. Qf2 Ne5 12. Qe2 Bd7 13. O-O Rc8 14. b3 b5 15. Rac1 Nxd3 16. Qxd3 bxc4 17. Qe2 O-O 18. Nb1 d5 19. bxc4 dxc4 20. Na3 c3 21. Rfd1 Qa5 22. Nb1 Ba4 23. Nb3 Bxb3 24. axb3 Rc7 25. Rd6 Qb4 26. Rxa6 Nd7 27. Qc2 Nc5 28. Ra3 Bd4 29. Bxd4 Qxd4+ 30. Kf1 Nd3 31. Rd1 Rd8 32. Ra4 Qd6 33. g3 f5 34. Ke2 fxe4 35. fxe4 Rcd7 36. Nxc3 h5 37. Nb5 Nf4+ 38. gxf4 Qxd1+ 39. Qxd1 Rxd1 40. Ra2 Rh1 41. Ke3 Rhd1 42. Rb2 Kf7 43. e5 R1d3+ 44. Ke2 Rh3 45. Ke1 Rdd3 46. Nd6+ Ke7 47. b4 Rb3 48. Ra2 Rb1+ 0-1

[Event "Toronto ch reserves"]
[Site "Toronto CAN"]
[Date "2001.01.12"]
[Round "2"]
[White "Chen, Chin Hua"]
[Black "Paterson, Jim"]
[Result "1-0"]
[WhiteElo "2000"]
[BlackElo "1967"]
[PlyCount "55"]
[GameId "2160767911618827"]
[EventDate "2001.01.10"]
[EventType "tourn"]
[EventRounds "11"]
[EventCountry "CAN"]
[SourceTitle "EXT 2003"]
[Source "ChessBase"]
[SourceDate "2002.11.25"]
[SourceVersion "1"]
[SourceVersionDate "2002.11.25"]
[SourceQuality "1"]

1. d4 Nf6 2. c4 e5 3. dxe5 Ng4 4. Nf3 Bc5 5. e3 Nc6 6. Be2 Ngxe5 7. O-O O-O 8. b3 Nxf3+ 9. Bxf3 Qf6 10. Ba3 Qxa1 11. Bxc5 d6 12. Ba3 Qf6 13. c5 dxc5 14. Bxc5 Rd8 15. Qc1 Bf5 16. Qa3 Bxb1 17. Rxb1 Qg6 18. Rc1 Ne5 19. Bxb7 Qc2 20. Bd4 Qf5 21. Bxa8 Nd3 22. Qe7 Qxf2+ 23. Kh1 Rxa8 24. Qe4 Rd8 25. Qxd3 c5 26. Rf1 Qh4 27. Qf5 Qe7 28. Qxc5 1-0

[Event "Toronto ch reserves"]
[Site "Toronto CAN"]
[Date "2001.01.12"]
[Round "2"]
[White "Gebhardt, David"]
[Black "Richardson, Ross"]
[Result "0-1"]
[WhiteElo "1904"]
[BlackElo "1951"]
[PlyCount "58"]
[GameId "2160767911618828"]
[EventDate "2001.01.10"]
[EventType "tourn"]
[EventRounds "11"]
[EventCountry "CAN"]
[SourceTitle "EXT 2003"]
[Source "ChessBase"]
[SourceDate "2002.11.25"]
[SourceVersion "1"]
[SourceVersionDate "2002.11.25"]
[SourceQuality "1"]

1. Nf3 f5 2. g3 Nf6 3. Bg2 e6 4. O-O d5 5. d4 c6 6. a4 Bd6 7. e3 O-O 8. b3 Bd7 9. Ba3 Be8 10. Bxd6 Qxd6 11. Nbd2 Nbd7 12. c4 Bh5 13. Qc2 Ne4 14. Rfc1 Rae8 15. c5 Qc7 16. b4 e5 17. Nb3 f4 18. Nxe5 Nxe5 19. dxe5 fxe3 20. f4 Nf2 21. Nd4 g5 22. Qb3 gxf4 23. gxf4 Rxf4 24. Qxe3 Qxe5 25. Qg3+ Kh8 26. Nc2 Rg8 27. Re1 Qf6 28. Re6 Qxe6 29. Qxf4 Nh3+ 0-1